How to marry a marquis / (Record no. 234355)

000 -LEADER
fixed length control field 01030cam a22002773a 4500
001 - CONTROL NUMBER
control field 16390315
003 - CONTROL NUMBER IDENTIFIER
control field Nust
005 - DATE AND TIME OF LATEST TRANSACTION
control field 20170319174807.0
008 - FIXED-LENGTH DATA ELEMENTS--GENERAL INFORMATION
fixed length control field 000202s1999 xxu 000 1 eng
010 ## - LIBRARY OF CONGRESS CONTROL NUMBER
LC control number 98093786
020 ## - INTERNATIONAL STANDARD BOOK NUMBER
International Standard Book Number 9780749908805
035 ## - SYSTEM CONTROL NUMBER
System control number (DLC) 98093786
040 ## - CATALOGING SOURCE
Original cataloging agency DLC
Transcribing agency DLC
Modifying agency DLC
050 00 - LIBRARY OF CONGRESS CALL NUMBER
Classification number CPB Box no. 1635 vol. 9
082 ## - DEWEY DECIMAL CLASSIFICATION NUMBER
Classification number 823
Author Mark QUI
100 1# - MAIN ENTRY--PERSONAL NAME
Personal name Quinn, Julia,
Dates associated with a name 1970-
245 10 - TITLE STATEMENT
Title How to marry a marquis /
Statement of responsibility, etc. Julia Quinn.
260 ## - PUBLICATION, DISTRIBUTION, ETC.
Place of publication, distribution, etc. New York :
Name of publisher, distributor, etc. Avon Books,
Date of publication, distribution, etc. 1999.
300 ## - PHYSICAL DESCRIPTION
Extent 372 p.
655 #7 - INDEX TERM--GENRE/FORM
Genre/form data or focus term Love stories.
Source of term gsafd
655 #7 - INDEX TERM--GENRE/FORM
Genre/form data or focus term Historical fiction.
Source of term gsafd
710 2# - ADDED ENTRY--CORPORATE NAME
Corporate name or jurisdiction name as entry element Copyright Paperback Collection (Library of Congress)
Institution to which field applies DLC
856 42 - ELECTRONIC LOCATION AND ACCESS
Materials specified Contributor biographical information
Uniform Resource Identifier <a href="http://www.loc.gov/catdir/enhancements/fy1111/98093786-b.html">http://www.loc.gov/catdir/enhancements/fy1111/98093786-b.html</a>
856 42 - ELECTRONIC LOCATION AND ACCESS
Materials specified Publisher description
Uniform Resource Identifier <a href="http://www.loc.gov/catdir/enhancements/fy1111/98093786-d.html">http://www.loc.gov/catdir/enhancements/fy1111/98093786-d.html</a>
906 ## - LOCAL DATA ELEMENT F, LDF (RLIN)
a 7
b cbc
c orignew
d 2
e ncip
f 19
g y-genrareb
942 ## - ADDED ENTRY ELEMENTS (KOHA)
Source of classification or shelving scheme
Koha item type Book
Holdings
Withdrawn status Lost status Source of classification or shelving scheme Damaged status Not for loan Permanent Location Current Location Shelving location Date acquired Total Checkouts Total Renewals Full call number Barcode Date last seen Date last checked out Copy number Price effective from Koha item type
          Central Library (CL) Central Library (CL) Fiction 03/19/2017 3 2 813.54 QUI CL1575 09/08/2024 06/05/2024 1 03/19/2017 Book
© 2023 Central Library, National University of Sciences and Technology. All Rights Reserved.